000 00603nam a2200157 a 4500
001 000028025
005 20200930031304.0
008 110406s1996 dr a 000 0 spa d
040 _aDO-SdBNP
_bspa
_cBNPHU
082 _axxx
_bR426r
110 1 _aRepública Dominicana
_bSecretaría de Estado de Deportes, educación Física y Recreación
_936997
245 1 0 _aReglas oficiales del béisbol.
260 _aSanto Domingo :
_bSecretaría de Estado de Deportes, educación Física y Recreación ;
_bFederación Dominicana de Béisbol Aficionado,
_c1996.
300 _a108 p. :
_bil. ;
_c22 cm.
049 _aBNPD
999 _c27517
_d27517